| 000 | 00647cam a2200169 a 4500 | ||
|---|---|---|---|
| 020 | _a1560320664 | ||
| 040 | _cDLC | ||
| 082 | 0 | 0 | _a620 HEM 1991 |
| 245 | 0 | 0 | _aIntegral methods in science and engineering-90 / |
| 260 |
_aNew York : _bHemisphere Pub., _cc1991. |
||
| 300 |
_axvii, 614 p. : _bill. ; _c24 cm. |
||
| 500 | _aPapers from the 2nd international conference on global methods, entitled "Integral Methods in Science and Engineering (IMSE-90)" held at the University of Texas at Arlington on May 15-18, 1990. | ||
| 650 | 0 | _aEngineering mathematics | |
| 700 | 2 | _aHaji-Sheikh, A. | |
| 710 | 2 | _aUniversity of Texas at Arlington. | |
| 942 | _cEK | ||
| 999 |
_c11272 _d11272 |
||